Chishti-Nizami sufi order of Bengal : (Record no. 32509)
[ view plain ]
| 000 -LEADER | |
|---|---|
| fixed length control field | 00813cam a2200241 a 4500 |
| 001 - CONTROL NUMBER | |
| control field | 32509 |
| 003 - CONTROL NUMBER IDENTIFIER | |
| rucl marc code | BD-RjUL |
| 005 - DATE AND TIME OF LATEST TRANSACTION | |
| control field | 20211209051840.0 |
| 008 - FIXED-LENGTH DATA ELEMENTS--GENERAL INFORMATION | |
| fixed length control field | 140427s1990 ii b 001 0 eng |
| 035 ## - SYSTEM CONTROL NUMBER | |
| System control number | (BD-RjUL)32598 |
| 040 ## - CATALOGING SOURCE | |
| Original cataloging agency | DLC |
| Transcribing agency | DLC |
| Modifying agency | DLC |
| -- | BD-RjUL |
| Language of cataloging | eng |
| 041 0# - LANGUAGE CODE | |
| Language code of text/sound track or separate title | engaraper |
| 082 00 - DEWEY DECIMAL CLASSIFICATION NUMBER | |
| Classification number | 297.65 |
| Edition number | 20 |
| Author mark and year | GHC 1990 |
| 100 2# - MAIN ENTRY--PERSONAL NAME | |
| Personal name | Gholam Rasool, Md. |
| 9 (RLIN) | 98908 |
| 245 10 - TITLE STATEMENT | |
| Title | Chishti-Nizami sufi order of Bengal : |
| Remainder of title | till mid 15th century and its socio-religious contribution / |
| Statement of responsibility, etc. | Md. Gholam Rasool. |
| 260 ## - PUBLICATION, DISTRIBUTION, ETC. (IMPRINT) | |
| Place of publication, distribution, etc. | Delhi, India : |
| Name of publisher, distributor, etc. | Idarah-i Adabiyat-i Delli, |
| Date of publication, distribution, etc. | 1990. |
| 300 ## - PHYSICAL DESCRIPTION | |
| Pagination | xiii, 192 p. ; |
| Size | 23 cm. |
| 650 #0 - SUBJECT ADDED ENTRY--TOPICAL TERM | |
| Topical term or geographic name as entry element | Chishtīyah |
| Geographic subdivision | India |
| -- | Bengal |
| General subdivision | History. |
| 9 (RLIN) | 98910 |
| 942 ## - ADDED ENTRY ELEMENTS (KOHA) | |
| Source of classification or shelving scheme | Dewey Decimal Classification |
| Koha item type | Books |
| Lost status | Source of classification or shelving scheme | Damaged status | Not for loan | Permanent Location | Current Location | Shelving location | Date acquired | Source of acquisition | Cost, normal purchase price | Total Checkouts | Full call number | Date last seen | Copy number | Koha item type |
|---|---|---|---|---|---|---|---|---|---|---|---|---|---|---|
| Dewey Decimal Classification | Not For Loan | Central Library, University of Rajshahi | Central Library, University of Rajshahi | Reading Room | 04/02/1991 | Author | 450.00 | 297.65 GHC 1990 | 27/04/2014 | C-1 | Books | |||
| Dewey Decimal Classification | Central Library, University of Rajshahi | Central Library, University of Rajshahi | 04/02/1991 | Author | 450.00 | 297.65 GHC 1990 | 27/04/2014 | C-2 | Books | |||||
| Dewey Decimal Classification | Central Library, University of Rajshahi | Central Library, University of Rajshahi | 04/02/1991 | Author | 450.00 | 297.65 GHC 1990 | 27/04/2014 | C-3 | Books | |||||
| Dewey Decimal Classification | Central Library, University of Rajshahi | Central Library, University of Rajshahi | 04/02/1991 | Author | 450.00 | 297.65 GHC 1990 | 27/04/2014 | C-4 | Books | |||||
| Dewey Decimal Classification | Central Library, University of Rajshahi | Central Library, University of Rajshahi | 04/02/1991 | Author | 450.00 | 297.65 GHC 1990 | 27/04/2014 | C-5 | Books |